Crisis Immunity of Family Business
Analýzu rodinného podnikania a jeho vývoj v zmysle ekonomických výkyvov, najmä v dôsledku hospodárskej krízy v roku 2008. Analýzu rozvojových trendov vo vývoji rodinného podnikania v zahraničí i na Slovensku. Postavenie a stav v štruktúre výroby a jeho odlišnosti od iných foriem podnikania.
Salvato in:
| Autore principale: | |
|---|---|
| Altri autori: | |
| Natura: | Capitolo di libro |
| Lingua: | inglese |
| Soggetti: | |
| Tags: |
Nessun Tag, puoi essere il primo ad aggiungerne!!
|
MARC
| LEADER | 00000naa a2200000 4500 | ||
|---|---|---|---|
| 001 | 0248848 | ||
| 005 | 20240502073959.5 | ||
| 041 | 0 | |a eng | |
| 044 | |a SK | ||
| 245 | 1 | 0 | |a Crisis Immunity of Family Business |c Paulína Srovnalíková, Gabriela Dubcová |
| 520 | |a Analýzu rodinného podnikania a jeho vývoj v zmysle ekonomických výkyvov, najmä v dôsledku hospodárskej krízy v roku 2008. Analýzu rozvojových trendov vo vývoji rodinného podnikania v zahraničí i na Slovensku. Postavenie a stav v štruktúre výroby a jeho odlišnosti od iných foriem podnikania. | ||
| 610 | 2 | 0 | |a podnikanie rodinné |
| 610 | 2 | 0 | |a podnik rodinný |
| 610 | 2 | 0 | |a kríza hospodárska |
| 610 | 2 | 0 | |a analýza korelačná |
| 610 | 2 | 0 | |a Slovensko |
| 100 | 1 | |a Srovnalíková, Paulína | |
| 700 | 1 | |a Dubcová, Gabriela, 1968- | |